El liberalismo sitiado /

Sparad:
Bibliografiska uppgifter
Huvudupphovsman: Keane, John
Materialtyp: Text
Taggar: Lägg till en tagg
Inga taggar, Lägg till första taggen!

MARC

LEADER 00000 a a2200000 04500
001 46987
003
040
100 |a Keane, John  
245 |a El liberalismo sitiado /  |c John Keane  
773 |g número56, (1992), 93 páginas  
999 |c 22363  |d 22363